| 000 | 00570nam a22001817a 4500 | ||
|---|---|---|---|
| 003 | CEME | ||
| 005 | 20210628210653.0 | ||
| 008 | 210211b xxu||||| |||| 00| 0 eng d | ||
| 020 | _a81-7319-279-0 | ||
| 040 | _c. | ||
| 082 | _a620.0044 MUK | ||
| 100 |
_aKarmakar, Ranjti Mukherjee, Amalendu _980456 |
||
| 245 | _aModeling and simulaion of engineering systems through bondgraphs | ||
| 260 |
_aNEW DELHI _bNAROSA PUBLISHING _c2000 |
||
| 300 | _aXVII,471P | ||
| 650 |
_aSIMULAION OF ENGINEERING SYSTEMS THROUGH BONDGRAPHS ENGINEERING SYSTEMS _980457 |
||
| 942 |
_cBK _2ddc |
||
| 999 |
_c585385 _d585385 |
||